ՀՀ Գիտությունների ազգային ակադեմիայի հիմնարար գիտական գրադարան  =   Fundamental Scientific Library of NAS RA

Комментарий к Положению о порядке назначения и выплаты государственных пенсий / (Record no. 342449)

MARC details
000 -LEADER
fixed length control field 00795nam a2200193 a 4500
001 - CONTROL NUMBER
control field 001050414
003 - CONTROL NUMBER IDENTIFIER
control field AM-YeHGA
005 - DATE AND TIME OF LATEST TRANSACTION
control field 20250617151007.0
008 - FIXED-LENGTH DATA ELEMENTS--GENERAL INFORMATION
fixed length control field 141203s1975 ||| r 000 0 rus d
040 ## - CATALOGING SOURCE
Original cataloging agency AM-YeHGA
041 0# - LANGUAGE CODE
Language code of text/sound track or separate title rus
090 ## - LOCALLY ASSIGNED LC-TYPE CALL NUMBER (OCLC); LOCAL CALL NUMBER (RLIN)
-- 344242
100 1# - MAIN ENTRY--PERSONAL NAME
Personal name Бабкин, Владимир Алексеевич
245 10 - TITLE STATEMENT
Title Комментарий к Положению о порядке назначения и выплаты государственных пенсий /
Statement of responsibility, etc. В.А. Бабкин, Г.Б. Смирнова.
260 ## - PUBLICATION, DISTRIBUTION, ETC.
Place of publication, distribution, etc. Москва :
Name of publisher, distributor, etc. Юрид. лит.,
Date of publication, distribution, etc. 1975.
300 ## - PHYSICAL DESCRIPTION
Extent 1975 :
Other physical details 600 с.
653 0# - INDEX TERM--UNCONTROLLED
Uncontrolled term Социальное обеспечение населения - Пенсии и пособия
700 1# - ADDED ENTRY--PERSONAL NAME
Personal name Смирнова, Ганна Борисовна
Holdings
Withdrawn status Lost status Source of classification or shelving scheme Damaged status Not for loan Collection Home library Current library Date acquired Total checkouts Full call number Barcode Date last seen Price effective from Koha item type Public note
    Universal Decimal Classification     General Fundamental Scientific Library Fundamental Scientific Library 09/01/2017   PII/357293 FL0315465 09/01/2017 09/01/2017 Գրքեր / Books 30 Days Loan


ՀՀ ԳԱԱ հիմնարար գիտական գրադարան
ՀՀ,Երևան 0019
Մարշալ Բաղրամյան 24/6
հեռախոս:(374-10) 52-47-50
Հետադարձ կապ

All site content, except where otherwise noted, is licensed under a
Creative Commons License